| 000 | 00000nam 2200000za 4500 |
| 001 | 9.675960 |
| 003 | CaOODSP |
| 005 | 20250403105548 |
| 007 | cr ||||||||||| |
| 008 | 150407s1999 onc oss f000 0 fre d |
| 040 | |aCaOODSP|bfre |
| 041 | |aeng|afre |
| 043 | |an-cn--- |
| 086 | 1 |aCS95-208/1999-PDF |
| 245 | 00|aProfile of census tracts in Regina and Saskatoon |h[ressource électronique] = |bProfil des secteurs de recensement de Regina et Saskatoon. |
| 246 | 11|aProfil des secteurs de recensement de Regina et Saskatoon |
| 260 | |aOttawa : |bStatistics Canada = Statistique Canada, |c1999. |
| 500 | |aPublication du recensement historique numérisé par Statistique Canada. |
| 546 | |aTexte en anglais et en français. |
| 590 | |a12-44-Supp|b2012-12-13 |
| 691 | 07|aRecensement|2gcpds |
| 710 | 2 |aStatistique Canada. |
| 791 | |tProfile of census tracts in Regina and Saskatoon |eeng|w(CaOODSP)9.675959 |
| 856 | 40|ahttp://publications.gc.ca|qPDF|s12.9 Mo|uhttps://publications.gc.ca/collections/collection_2012/statcan/rh-hc/CS95-208-1999.pdf |